000
00355nam a2200157Ia 4500
008
221030s9999 xx 000 0 und d
020
_a
78840650
041
_a
English
082
_a
105.23
_b
Pan
100
_a
A. Pandey
245
0
_a
Programming in C
260
_b
Cyber Tech Pub
_a
New Delhi
_c
2003
300
_a
335
650
_a
Computers
942
_c
BK
999
_c
1419
_d
1419